000 02424nam a22003497a 4500
005 20110426154449.0
008 090408t xxu||||| |||| 00| 0 hin d
010 _aHIN-96628 B-492731-734
020 _a9789382480020
_c300.00
035 _aHN-68974 B-492731-734
037 _bDBAD / PUB
037 _bरिसर्चो बुक्स
040 _aDPL
_bHN
082 _a398.7
100 _927482
_aएम.पी.कमल
245 _aविश्व के प्रमुख तानाशाह /
_cएम.पी.कमल
260 _aनई दिल्ली
_bकृशिव प्रकाशन
_c2012
270 _a6-7, श्याम भवन एन.एस.मार्ग दरिया गंज
_bनई दिल्ली
_e110002
300 _a168पृ
_c22 सेमी (सजिल्द)
650 _91169
650 _91170
700 _927483
710 _952094
942 _adpl
_cHN
_2ddc
_mएमपी
_h398.7
999 _c69793
_d69793